=LDR 00000nam 2200000 4500 =001 INLIS000000000032785 =005 20130612134758 =008 ***********************************ind** =035 ##$$a0010-061300000032785 =041 ##$$a ind =082 ##$$a 790.1 =090 ##$$a 790.1, Jam s =100 ##$$a Jamil, Sya'ban =245 ##$$a 100 Game Kreatif Untuk Membangun Dan Membentuk Tim Yang Solid, Sya'ban Jamil =260 ##$$a 2009 $b Yogyakarta =300 ##$$a 144 hlm, Ilus, 23 cm =650 ##$$a Permainan =700 ##$$a Hidayanto, Taufik =850 ##$$a NBPNMAT =990 ##$$a 21195565/BPAP-NTB/2014 =990 ##$$a 21400613/BPAP-NTB/20142014